Relevance of economic theories (Record no. 571100)

MARC details
000 -LEADER
fixed length control field 00691nam a2200229Ia 4500
003 - CONTROL NUMBER IDENTIFIER
control field OSt
005 - DATE AND TIME OF LATEST TRANSACTION
control field 20220925220321.0
008 - FIXED-LENGTH DATA ELEMENTS--GENERAL INFORMATION
fixed length control field 220923b |||||||| |||| 00| 0 eng d
037 ## - SOURCE OF ACQUISITION
Terms of availability General Book
040 ## - CATALOGING SOURCE
Original cataloging agency RTL
Transcribing agency RTL
Language of cataloging eng
041 ## - LANGUAGE CODE
Source of code eng
Language code of text/sound track or separate title eng
100 ## - MAIN ENTRY--PERSONAL NAME
Personal name PAJESTKA jozef
9 (RLIN) 284545
245 #0 - TITLE STATEMENT
Title Relevance of economic theories
Remainder of title Proceeding of confrence............
260 ## - PUBLICATION, DISTRIBUTION, ETC.
Place of publication, distribution, etc. London
Name of publisher, distributor, etc. Mac Millan Press
Date of publication, distribution, etc. 1980
300 ## - PHYSICAL DESCRIPTION
Extent xv,311p.
Dimensions cm.
700 ## - ADDED ENTRY--PERSONAL NAME
Personal name FEINSTEIN C.H.
9 (RLIN) 252081
942 ## - ADDED ENTRY ELEMENTS (KOHA)
Classification part Xp1,N78, M0/SC
Koha item type General Books
Source of classification or shelving scheme Colon Classification (CC)
Holdings
Withdrawn status Lost status Damaged status Not for loan Home library Current library Date acquired Total Checkouts Full call number Barcode Date last seen Price effective from Koha item type
        Ratan Tata Library Ratan Tata Library 2022-09-25   Xp1,N78 M0/SC RT1148779 2022-09-25 2022-09-25 General Books
Copyright @ Delhi University Library System